000 00696nam a22002057a 4500
005 20151201113303.0
008 151201b mxu||||| |||| 00| 0 spa d
020 _a9789706333728
050 4 _aB 3376.W564
_bA94 2009
100 1 _aAyestarán, Ignacio
245 _aWittgenstein el vienés errante :
_bla filosofía entre la ciencia y el nazismo /
250 _a1a ed.
260 _aMéxico D.F. :
_bCoyoaćan,
_c2009.
300 _a317 p. :
_bil. ;
_c21 cm.
490 0 _aFilosofía y cultura contemporánea,
_vno. 39.
504 _abibliografía p. 305-317 e índice
600 1 4 _aWittgenstein, Ludwig,
_d1889-1951
_xCrítica e interpretación
650 _a
942 _2lcc
_cLIB
999 _c110036
_d110036